00413 2200157 4500001002100000005001700021035002500038090001400063100001400077245004700091260003300138300002100171650002700192990001800219990001800237YOGYA00000000002524620150212144231.0 a0010-081400000024964 a784 Wil K aWILLIAM G aKumpulan Lagu Daerah. Cetakan 8cWILLIAM G aJakartabKawan Pustakac2008 a141 hlm,b21 cm. aLagu daerah - Kumpulan a44699-PD/B.08 a44698-PD/B.08